| 000 | 01302nam a2200253 i 4500 | ||
|---|---|---|---|
| 003 | EG-ScBUE | ||
| 005 | 20231109114425.0 | ||
| 008 | 120405s1987 le f 000 0 cara d | ||
| 040 |
_aEG-ScBUE _bara _erda _cEG-ScBUE _dEG-ScBUE |
||
| 082 | 0 | 4 |
_a928.1 _bأ م ي _222 |
| 100 | 1 |
_917510 _aأمين، مصطفى، _eمؤلف. |
|
| 245 | 1 | 0 |
_aأسماء لا تموت / _cمصطفى أمين. |
| 250 | _aالطبعة الأولى. | ||
| 264 | 1 |
_aبيروت : _bالعصر الحديث للنشر والتوزيع، _c1987. |
|
| 300 |
_a286 صفحة ؛ _c20 سم |
||
| 336 |
_2rdacontent _aنص _btxt |
||
| 337 |
_aبدون وسيط _2rdamedia _bn |
||
| 338 |
_aمجلد _bnc _2rdacarrier |
||
| 505 | 0 | _aالمحتويات: فكري أباظه -- أنور وجدي -- يوسف وهبي -- توفيق الحكيم -- رخا .. وصاروخان -- أحمد الصاوي محمد -- فاطمة رشدي -- عباس محمود العقاد -- مأمون الشناوي -- أحمد لطفي السيد -- زينب صدقي -- عزيزة أمير -- نجيب الريحاني -- أمي -- أحمد شوقي -- رياض السنباطي -- أحمد رامي. | |
| 650 | 7 |
_aالأدباء العرب _vتراجم. _2BUEsh |
|
| 651 | 7 |
_921746 _aمصر _vتراجم. _2BUEsh |
|
| 655 | _vReading book | ||
| 942 |
_2ddc _cBB |
||
| 999 |
_c16634 _d16634 |
||